00378nam a2200181Ia 4500003000900000008004100009040001300050040001300063041000800076100001400084100000800098245002700106260002100133260000900154300000800163490001900171490000600190IT-RoPAU120407s9999 xx 000 0 und d aIT-RoPAU cIT-RoPAU aita aAmbrosius csan aInnologia ambrosiana.  aEdizioni Paoline c1956 c cm aVerba Seniorum v1